The complete idiot's guide to Mosaic / (Record no. 9347)

MARC details
000 -LEADER
fixed length control field 00621nac a22002051u 4500
010 ## - LIBRARY OF CONGRESS CONTROL NUMBER
LC control number 94072767
020 ## - INTERNATIONAL STANDARD BOOK NUMBER
International Standard Book Number 1567615880 (pbk.) :
035 ## - SYSTEM CONTROL NUMBER
System control number (OCoLC)32064360
082 00 - DEWEY DECIMAL CLASSIFICATION NUMBER
Classification number 025.04
Item number KRA
090 ## - LOCALLY ASSIGNED LC-TYPE CALL NUMBER (OCLC); LOCAL CALL NUMBER (OCLC)
-- 9347
-- 9347
100 ## - MAIN ENTRY--PERSONAL NAME
Personal name Kraynak, Joe.
245 14 - TITLE STATEMENT
Title The complete idiot's guide to Mosaic /
Statement of responsibility, etc by Joe Kraynak.
260 ## - PUBLICATION, DISTRIBUTION, ETC. (IMPRINT)
Place of publication, distribution, etc Indianapolis, IN :
Name of publisher, distributor, etc Alpha Books,1995.
Date of publication, distribution, etc c1995.
300 ## - PHYSICAL DESCRIPTION
Extent xvi, 278p. :
Other physical details ill. ;
Dimensions 23 cm.
500 ## - GENERAL NOTE
General note Includes index.
500 ## - GENERAL NOTE
General note Distributer: Al-Ahram
511 ## - PARTICIPANT OR PERFORMER NOTE
Participant or performer note Catalogued by: Sara
650 #0 - SUBJECT ADDED ENTRY--TOPICAL TERM
Topical term or geographic name as entry element Internet.
942 ## - ADDED ENTRY ELEMENTS (KOHA)
Item type Book - Borrowing
Call number prefix 025.04KRA
Holdings
Withdrawn status Item status Damaged status Not for loan Home library Current library Shelving location Date acquired Source of acquisition Total Checkouts Full call number Barcode Date last seen Koha item type
        Central Library Central Library Lower Floor 04/05/2008 Purchase   025.04KRA 000011090 15/07/2025 Book - Borrowing